[Event "THA-ch 46th"]
[Site "Bangkok"]
[Date "2023.04.12"]
[Round "2"]
[White "Wiwatanadate, Poompong"]
[Black "Pitantanakij, Olarn"]
[Result "1-0"]
[WhiteElo "2019"]
[BlackElo "1564"]
[PlyCount "73"]
[EventDate "2023.04.12"]
[EventType "swiss"]
[EventRounds "9"]
[EventCountry "THA"]
[SourceTitle "CBM 213 Extra"]
[Source "ChessBase"]
[SourceDate "2023.05.31"]
[SourceVersion "1"]
[SourceVersionDate "2023.05.31"]
[SourceQuality "1"]

1. d4 d5 2. Nf3 Nf6 3. c4 e6 4. Nc3 c6 5. Bg5 Be7 6. e3 Nbd7 7. Qc2 h6 8. Bf4 Nh5 9. Be5 Nhf6 10. Bf4 Nh5 11. Be5 Nhf6 12. 0-0-0 Nxe5 13. dxe5 Nd7 14. cxd5 cxd5 15. e4 dxe4 16. Qxe4 a6 17. Kb1 Qb6 18. Qg4 g6 19. Bd3 g5 20. h4 h5 21. Qa4 g4 22. Ng5 Qb4 23. Qc2 Nxe5 24. Rhe1 Nxd3 25. Qxd3 Qb6 26. Nce4 Rh6 27. Qc3 f6 28. Nxe6 Bxe6 29. Nd6+ Kf8 30. Rxe6 Rd8 31. Rxe7 Rxd6 32. Rde1 Rd1+ 33. Rxd1 Kxe7 34. Re1+ Kf7 35. Qc4+ Kg6 36. Qe4+ f5 37. Qe8+ 1-0

[Event "THA-ch 45th"]
[Site "Ayutthaya"]
[Date "2022.04.11"]
[Round "8"]
[White "Pitantanakij, Olarn"]
[Black "Punyanitya, Prempipath"]
[Result "1-0"]
[WhiteElo "1558"]
[BlackElo "1075"]
[PlyCount "109"]
[EventDate "2022.04.08"]
[EventType "swiss"]
[EventRounds "9"]
[EventCountry "THA"]
[SourceTitle "CBM 207 Extra"]
[Source "ChessBase"]
[SourceDate "2022.05.31"]
[SourceVersion "1"]
[SourceVersionDate "2022.05.31"]
[SourceQuality "1"]

1. e4 c5 2. Nc3 g6 3. d4 cxd4 4. Qxd4 Nf6 5. Be3 Nc6 6. Qd2 Bg7 7. Nge2 d6 8. f3 Bd7 9. Bh6 0-0 10. h4 Rc8 11. h5 a6 12. Bxg7 Kxg7 13. hxg6 fxg6 14. Qh6+ Kg8 15. Nf4 Rf7 16. Nxg6 Rg7 17. Nf4 Ne5 18. Nh5 Nxh5 19. Qxh5 Be8 20. Qh6 Nf7 21. Qe6 Bd7 22. Qb3 b5 23. 0-0-0 Rb8 24. Nd5 Be6 25. Nf6+ exf6 26. Qxe6 Rb6 27. Rd5 b4 28. g4 Kf8 29. Be2 Ng5 30. Qf5 Rc6 31. f4 Qc7 32. Bd3 Nf7 33. Rxh7 Rxh7 34. Qxh7 Qe7 35. Qg6 Ke8 36. Rh5 Rc7 37. b3 Kd8 38. Bc4 Ra7 39. Rh7 a5 40. Rxf7 Qe8 41. Qxf6+ Re7 42. Rf8 Qxf8 43. Qxf8+ Re8 44. Qxd6+ Kc8 45. e5 Rd8 46. Be6+ Kb7 47. Qxd8 a4 48. Bd5+ Ka7 49. Bc4 a3 50. Qd6 Kb7 51. e6 Ka7 52. e7 Kb7 53. e8Q Ka7 54. Qee7+ Ka8 55. Qdd8# 1-0

[Event "THA-ch 45th"]
[Site "Ayutthaya"]
[Date "2022.04.08"]
[Round "2"]
[White "Pitantanakij, Olarn"]
[Black "Sajjapornthep, Jarunpol"]
[Result "0-1"]
[WhiteElo "1558"]
[BlackElo "1854"]
[PlyCount "104"]
[EventDate "2022.04.08"]
[EventType "swiss"]
[EventRounds "9"]
[EventCountry "THA"]
[SourceTitle "CBM 207 Extra"]
[Source "ChessBase"]
[SourceDate "2022.05.31"]
[SourceVersion "1"]
[SourceVersionDate "2022.05.31"]
[SourceQuality "1"]

1. d4 d5 2. Nf3 Nf6 3. Ng1 Ng8 4. Nf3 Nf6 5. g3 e6 6. Bg2 c5 7. 0-0 Nc6 8. e3 b5 9. dxc5 Bxc5 10. Nd4 Qb6 11. Nxc6 Qxc6 12. Nd2 Bb7 13. c4 bxc4 14. Nxc4 Ba6 15. Ne5 Qb5 16. Re1 0-0 17. Bf1 Qb6 18. Bxa6 Qxa6 19. Nd3 Bb6 20. b3 Ne4 21. Bb2 Rac8 22. Qg4 Nc3 23. Nf4 f5 24. Qg5 Bd8 25. Qh5 Bf6 26. Qf3 Ne4 27. Bxf6 Nxf6 28. Qe2 Qb6 29. Qd3 Rc7 30. Rec1 Rfc8 31. Rxc7 Rxc7 32. Qd4 Qd6 33. Nd3 Nd7 34. Qf4 Qxf4 35. Nxf4 Kf7 36. Kf1 g5 37. Ne2 Rc2 38. b4 a6 39. a3 Ne5 40. a4 Rb2 41. b5 a5 42. Rc1 Nc4 43. Ke1 Ke7 44. Nd4 Kd6 45. Rc2 Rb1+ 46. Ke2 Ra1 47. b6 Rxa4 48. b7 Rb4 49. f3 Rxb7 50. f4 gxf4 51. gxf4 a4 52. Ra2 a3 0-1

[Event "THA-ch"]
[Site "Bangkok"]
[Date "2020.02.07"]
[Round "3"]
[White "Maneesorn, Kankawee"]
[Black "Pitantanakij, Olarn"]
[Result "1-0"]
[WhiteElo "1883"]
[BlackElo "1587"]
[PlyCount "79"]
[EventDate "2020.02.06"]
[EventType "swiss"]
[EventRounds "9"]
[EventCountry "THA"]
[SourceTitle "CBM 195 Extra"]
[Source "ChessBase"]
[SourceDate "2020.05.31"]
[SourceVersion "1"]
[SourceVersionDate "2020.05.31"]
[SourceQuality "1"]

1. e4 c5 2. Nf3 Nc6 3. d4 cxd4 4. Nxd4 Nf6 5. Nc3 e5 6. Ndb5 d6 7. Bg5 a6 8. Na3 b5 9. Nd5 Be7 10. Bxf6 Bxf6 11. c4 b4 12. Nc2 Rb8 13. b3 Bg5 14. Bd3 0-0 15. h4 Bh6 16. g4 Bf4 17. g5 a5 18. Qf3 Be6 19. Nxf4 exf4 20. Qxf4 Ne5 21. 0-0-0 Bg4 22. Rd2 Qb6 23. Qe3 Qc7 24. Nd4 Bd7 25. f4 Ng6 26. h5 Ne7 27. Bc2 a4 28. Qd3 axb3 29. axb3 Qa5 30. Bb1 Qa3+ 31. Rb2 g6 32. f5 gxf5 33. exf5 d5 34. f6 Ng6 35. hxg6 dxc4 36. bxc4 fxg6 37. Nb3 Bf5 38. Qd5+ Rf7 39. Rxh7 Rbf8 40. Rg7+ 1-0

[Event "THA-chT"]
[Site "Bangkok"]
[Date "2015.12.13"]
[Round "9.1"]
[White "Pitantanakij, Olarn"]
[Black "Habla, Jony"]
[Result "0-1"]
[WhiteElo "1624"]
[BlackElo "2214"]
[PlyCount "40"]
[EventDate "2015.12.04"]
[EventType "team-swiss"]
[EventRounds "9"]
[EventCountry "THA"]
[SourceTitle "CBM 170 Extra"]
[Source "ChessBase"]
[SourceDate "2016.02.25"]
[SourceVersion "1"]
[SourceVersionDate "2016.02.25"]
[SourceQuality "1"]
[WhiteTeam "Din Daeng"]
[BlackTeam "BCC Gainsfield"]
[WhiteTeamCountry "THA"]
[BlackTeamCountry "THA"]

1. e4 e6 2. d4 d5 3. Nc3 Nf6 4. e5 Nfd7 5. f4 c5 6. Nf3 Nc6 7. Be3 cxd4 8. Nxd4 Nxd4 9. Bxd4 Nb8 10. Qd2 Nc6 11. Be2 Bd7 12. 0-0-0 Rc8 13. Bb5 Qa5 14. Kb1 Bb4 15. Bxc6 Rxc6 16. Qe3 Ra6 17. Kc1 0-0 18. a3 Be7 19. Qd2 Bxa3 20. bxa3 Qxa3+ 0-1